Dream smp (heLP) - Statistics

General Stats
  • This quiz has been taken 184 times
  • The average score is 29 of 33
Answer Stats
Hint Answer % Correct
Blob man Dream
100%
Bee boi :> Tubbo
99%
furry Fundy
98%
Brit boi George
98%
Quack, quack your opinion is wack Quackity
98%
the jealous friend/ Child? Tommy
98%
our favorite enderboi Ranboo
97%
texan boi Sapnap
97%
he blew up a nation! :D Wilbur
97%
nice demon Badboyhalo
95%
dad(tm) Philza
95%
diamond boy Skeppy
95%
traitor, but I still like him.. Eret
94%
Heart attack Jschlatt
94%
purple Purpled
94%
anarchy Technoblade
93%
woman U-U Niki
92%
roses Hannah
91%
cat :> Antfrost
89%
woman 2.0 Puffy
89%
sam nook Awesamdude
85%
sonic Connor
83%
sam nook's valentine... R.I.P arm :'< Ponk
83%
thunder.! Jack Manifold
81%
slime Slimecicle
81%
shark FoolishG
78%
mom's boy, no doubt. Punz
76%
cat maid... Hbomb
75%
Car. Finish it. Karl
74%
Tommy's lord...? I think.. Vikkstar
72%
a forgotten character most of the time Callahan
67%
fortnite, but minecraft? Lazarbeam
60%
Its... something. finish. ItsAlyssa
52%
No matching quizzes found
Score Distribution
Percent of People with Each Score
Percentile by Number Answered
Your Score History
You have not taken this quiz